Alphabetical World Metros Quiz Stats

 Plays Quiz not verified by Sporcle

Score 0/125 Timer 17:00
0 Plays Today
Metro % Correct
New York, USA
95%
Tokyo, Japan
94%
Los Angeles, USA
93.4%
London, UK
93.4%
Mexico City, Mexico
92.1%
Paris, France
91.9%
Beijing, China
91.6%
Moscow, Russia
90.8%
Cairo, Egypt
89.2%
Shanghai, China
88.3%
Chicago, USA
88.1%
Jakarta, Indonesia
87.7%
Mumbai, India
87.7%
Buenos Aires, Argentina
86.2%
Delhi, India
85.9%
São Paulo, Brazil
84.9%
Rio de Janeiro, Brazil
84.8%
Seoul, South Korea
84.2%
Istanbul, Turkey
83.1%
Madrid, Spain
82.1%
Osaka, Japan
81.2%
Houston, USA
81.1%
Dallas, USA
80.6%
Rome, Italy
80.1%
Tehran, Iran
78.2%
Johannesburg, South Africa
77.8%
Manila, Philippines
77.8%
Toronto, Canada
76.5%
Bogotá, Colombia
76.4%
Lagos, Nigeria
76%
Bangkok, Thailand
75.7%
Lima, Peru
75.2%
Washington, USA
75.2%
Hong Kong, China
74.8%
Karachi, Pakistan
74%
Dhaka, Bangladesh
73.1%
Philadelphia, USA
72.5%
Kolkata, India
72.4%
San Francisco, USA
71.8%
Atlanta, USA
68.2%
Riyadh, Saudi Arabia
67.8%
Vancouver, Canada
67%
Metro % Correct
Warsaw, Poland
66.9%
Kinshasa, DRC
66.3%
Ho Chi Minh City, Vietnam
66%
Detroit, USA
65.6%
Xi'an, China
65.2%
Quito, Ecuador
64.3%
Guangzhou, China
63.5%
Kuala Lumpur, Malaysia
63.2%
Alexandria, Egypt
63.2%
Phoenix, USA
61.4%
Nairobi, Kenya
60.4%
Lahore, Pakistan
60.4%
Bangalore, India
60.2%
Vienna, Austria
57.8%
Chennai, India
57.7%
Taipei, Taiwan
57.5%
Khartoum, Sudan
57.4%
Frankfurt, Germany
57.3%
Guadalajara, Mexico
55.9%
Hyderabad, India
55%
Wuhan, China
54.4%
Ahmedabad, India
50.9%
Tianjin, China
47%
Naples, Italy
45.9%
Yangon, Myanmar
45.7%
Ruhr, Germany
44.5%
Abidjan, Côte d'Ivoire
44.4%
Ulan Bator, Mongolia
42.9%
Zurich, Switzerland
40.6%
Recife, Brazil
40%
Chongqing, China
39.7%
Edmonton, Canada
39.6%
Shenzhen, China
39.5%
Pune, India
39%
Porto Alegre, Brazil
39%
Orlando, USA
38.9%
Nagoya, Japan
38.6%
Chengdu, China
38%
Nanjing, China
37.8%
Guatemala City, Guatemala
36.9%
Urumqi, China
36%
Harbin, China
35.4%
Metro % Correct
Fortaleza, Brazil
34.9%
Durban, South Africa
34.1%
Yerevan, Armenia
33%
Qingdao, China
32.8%
Ankara, Turkey
32.7%
Izmir, Turkey
32.1%
Jaipur, India
30.6%
Guayaquil, Ecuador
30.5%
Valencia, Venezuela
30.4%
Faisalabad, Pakistan
30.1%
Indore, India
29.4%
Jidda, Saudi Arabia
29.4%
Yaounde, Cameroon
28.3%
Ibadan, Nigeria
27.1%
Zhengzhou, China
25%
Fukuoka, Japan
24.8%
Isfahan, Iran
24.6%
Ouagadougou, Burkina Faso
23.2%
Ufa, Russia
22.5%
Fuzhou, China
22%
Yekaterinburg, Russia
21.7%
Zibo, China
19%
Xiamen, China
18.6%
Wuxi, China
17.8%
Jinan, China
16.7%
Oran, Algeria
14.1%
Quanzhou, China
12.8%
Vadodara, India
12.7%
Xuzhou, China
12.6%
Wenzhou, China
12.1%
Guiyang, China
11.2%
Okayama, Japan
9.1%
Qiqihar, China
9%
Ulsan, South Korea
8.9%
Vitória, Brazil
8.4%
Querétaro, Mexico
7.4%
Yantai, China
7.1%
Xining, China
5.4%
Zhuhai, China
5%
Xiangfan, China
4.6%
Zhanjiang, China
3.4%

You're not logged in!

Compare scores with friends on all Sporcle quizzes.
OR
Log In

You Might Also Like...

Show Comments

Extras

Top Quizzes Today


Score Distribution

Your Account Isn't Verified!

In order to create a playlist on Sporcle, you need to verify the email address you used during registration. Go to your Sporcle Settings to finish the process.

Report this User

Report this user for behavior that violates our Community Guidelines.

Details: